Тезисы докладов на Семинаре-совещании по теме "Нормирование и организация труда в сетевых предприятиях" (г. Тернополь, 21-22 сентября 1976 г.) (Запись № 5934595)

Подробности
000 -МАРКЕР
контрольное поле 02263nam0a22003011 4500
001 - ИДЕНТИФИКАТОР ЗАПИСИ
контрольное поле rc\3155575
005 - ИДЕНТИФИКАТОР ВЕРСИИ
контрольное поле 20260407161756.0
021 ## - НОМЕР ГОСУДАРСТВЕННОЙ РЕГИСТРАЦИИ
Код страны Российская Федерация
Номер [76-74530]
035 ## - ДРУГИЕ СИСТЕМНЫЕ НОМЕРА
Идентификатор записи (NLR Aleph) 007323490
100 ## - ДАННЫЕ ОБЩЕЙ ОБРАБОТКИ
Данные общей обработки 20120615d1976 |||y0rusy50 ca
101 0# - ЯЗЫК РЕСУРСА
Язык текста, звукозаписи и т.д. русский
102 ## - СТРАНА ПУБЛИКАЦИИ ИЛИ ПРОИЗВОДСТВА
Страна публикации Российская Федерация
105 ## - ПОЛЕ КОДИРОВАННЫХ ДАННЫХ: ТЕКСТОВЫЕ МАТЕРИАЛЫ, МОНОГРАФИЧЕСКИЕ
Кодированные данные о монографическом текстовом документе y z |||||
200 1# - ЗАГЛАВИЕ И СВЕДЕНИЯ ОБ ОТВЕТСТВЕННОСТИ
Основное заглавие Тезисы докладов на Семинаре-совещании по теме "Нормирование и организация труда в сетевых предприятиях" (г. Тернополь, 21-22 сентября 1976 г.)
210 ## - ПУБЛИКАЦИЯ, РАСПРОСТРАНЕНИЕ И ДР.
Место издания, распространения и т.д. Москва
Имя издателя, распространителя и т. д. Служба передового опыта эксплуатации энергосистем Оргрэс
Дата издания, распространения и т.д. 1976
215 ## - ФИЗИЧЕСКАЯ ХАРАКТЕРИСТИКА
Специфическое обозначение материала и объем 76 с.
Размеры 19
300 ## - ОБЩИЕ ПРИМЕЧАНИЯ
Текст примечания В надзаг.: М-во энергетики и электрификации СССР, Упр. по нормированию труда и заработной платы, Специализир. организация по нормированию, организации труда и управления в энергетике
532 13 - РАСШИРЕННОЕ ЗАГЛАВИЕ
Заглавие Тезисы докладов на Семинаре-совещании по теме Нормирование и организация труда в сетевых предприятиях (г. Тернополь, 21-22 сентября 1976 г.)
606 ## - НАИМЕНОВАНИЕ ТЕМЫ КАК ПРЕДМЕТ
Наименование темы Электрические сети
Тематический подзаголовок Эксплуатация
-- Техническое нормирование
Формальный подзаголовок Тезисы докладов
Код системы psbo
606 ## - НАИМЕНОВАНИЕ ТЕМЫ КАК ПРЕДМЕТ
Наименование темы Электрические сети
Тематический подзаголовок Эксплуатация
-- Организация труда
Формальный подзаголовок Тезисы докладов
Код системы psbo
710 12 - НАИМЕНОВАНИЕ ОРГАНИЗАЦИИ - ПЕРВИЧНАЯ ОТВЕТСТВЕННОСТЬ
Начальный элемент ввода Семинар-совещание по теме "Нормирование и организация труда в сетевых предприятиях"
Дата проведения временной организации 1976
Место проведения временной организации Тернополь
Идентификатор авторитетной/нормативной записи RU\NLR\AUTH\8810099879
Системный номер авторитетной/нормативной записи 700778
712 12 - НАИМЕНОВАНИЕ ОРГАНИЗАЦИИ - ВТОРИЧНАЯ ОТВЕТСТВЕННОСТЬ
Начальный элемент ввода Семинар-совещание по теме "Нормирование и организация труда в сетевых предприятиях"
Дата проведения временной организации 1976
Место проведения временной организации Тернополь
Идентификатор авторитетной/нормативной записи RU\NLR\AUTH\8810099879
Системный номер авторитетной/нормативной записи 700778
801 #0 - ИСТОЧНИК ЗАПИСИ
Страна Российская Федерация
Организация NLR
Правила каталогизации psbo
801 #1 - ИСТОЧНИК ЗАПИСИ
Страна Российская Федерация
Организация ELAR
Источник данных rusmarc
852 ## - МЕСТОНАХОЖДЕНИЕ И ШИФР ХРАНЕНИЯ
Идентификатор организации NLR
Шифр хранения (Call Number) 77-4/1408
942 ## - ДОПОЛНИТЕЛЬНЫЕ ЭЛЕМЕНТЫ ЗАПИСИ (АБИС)
Тип экземпляра АБИС Книга
980 ## - КОЛЛЕКЦИЯ
Название коллекции Национальная библиография
Экземпляры
Тип экземпляра Дата поступления Библиотека постоянного хранения Библиотека текущего хранения Место хранения Шифр хранения Штрих-код Статус экземпляра
Книга 26.10.2013 РНБ (Московский) РНБ (Московский) Русский книжный фонд: издания с 1957 года 77-4/1408 7323490-10